[Event "Marijampole Buzas Memorial"]
[Site "Marijampole"]
[Date "2023.08.26"]
[Round "4"]
[White "Laurusas, Tomas"]
[Black "Vardanyan, Aras"]
[Result "1-0"]
[WhiteElo "2498"]
[BlackElo "2275"]
[PlyCount "76"]
[EventDate "2023.08.26"]
[EventType "swiss (rapid)"]
[EventRounds "9"]
[EventCountry "LTU"]
[SourceTitle "EXT 2024"]
[Source "ChessBase"]
[SourceDate "2023.10.10"]
[SourceVersion "1"]
[SourceVersionDate "2023.10.10"]
[SourceQuality "1"]

1. Nf3 c5 2. g3 Nc6 3. c4 g6 4. Bg2 Bg7 5. 0-0 e5 6. Nc3 Nge7 7. Ne1 Rb8 8. Nc2 a6 9. Ne3 b5 10. d3 0-0 11. Rb1 d6 12. b3 Be6 13. Bb2 b4 14. Ncd5 f5 15. f4 Qd7 16. Qd2 Rbe8 17. Rbe1 Kh8 18. Kh1 a5 19. Qc1 Ng8 20. Nb6 Qc7 21. Ned5 Qd8 22. e3 Rf7 23. Qa1 h5 24. Na4 Qb8 25. fxe5 Nxe5 26. Nf4 Bd7 27. Bxe5 dxe5 28. Nxg6+ Kh7 29. Nh4 Qd6 30. Qd1 Nh6 31. Qxh5 Bxa4 32. bxa4 Ref8 33. Bd5 Rf6 34. Rxf5 Rxf5 35. Be4 Kg8 36. Nxf5 Nxf5 37. Bxf5 Qh6 38. Qxh6 Bxh6 1-0

[Event "Casablanca Mohammed op 4th"]
[Site "Casablanca"]
[Date "2023.08.17"]
[Round "6"]
[White "Ghasi, Ameet K"]
[Black "Laurusas, Tomas"]
[Result "0-1"]
[WhiteElo "2506"]
[BlackElo "2548"]
[PlyCount "114"]
[EventDate "2023.08.14"]
[EventType "swiss"]
[EventRounds "9"]
[EventCountry "MAR"]
[SourceTitle "CBM 215 Extra"]
[Source "ChessBase"]
[SourceDate "2023.09.30"]
[SourceVersion "1"]
[SourceVersionDate "2023.09.30"]
[SourceQuality "1"]

1. Nf3 d5 2. g3 Nf6 3. Bg2 Bf5 4. c4 e6 5. Qb3 Qc8 6. Nc3 c6 7. 0-0 Be7 8. d4 Nbd7 9. Bf4 0-0 10. Rac1 dxc4 11. Qxc4 Nb6 12. Qb3 Nbd5 13. Ne5 Nxf4 14. gxf4 Bg6 15. e4 Rb8 16. Rfd1 Rd8 17. a4 a6 18. a5 Bf8 19. Qc4 Qc7 20. b4 Qe7 21. Rb1 Nh5 22. Ne2 Nf6 23. Qd3 Bh5 24. f3 Ne8 25. Qe3 Nd6 26. Qf2 Nb5 27. Nd3 Bg6 28. Nc5 Qc7 29. Qe3 Bd6 30. Rbc1 Qe7 31. Bf1 Qh4 32. Qf2 Qh6 33. Qg3 Be7 34. Qh3 Bh4 35. Kh1 Nc7 36. Bg2 f5 37. Nd3 Be8 38. Ne5 Qf6 39. d5 exd5 40. exf5 Qe7 41. Nd4 Bf6 42. Rb1 Nb5 43. Nxb5 axb5 44. Re1 Qd6 45. Nd3 Bf7 46. Re6 Bxe6 47. fxe6 b6 48. axb6 Rxb6 49. Nc5 Qxf4 50. e7 Re8 51. Nd7 Ra6 52. Qe6+ Kh8 53. Qf7 Raa8 54. Qe6 Rxe7 55. Qxc6 Rae8 56. Rf1 Qc4 57. Qxc4 dxc4 0-1

[Event "Piestany op-A"]
[Site "Piestany"]
[Date "2023.07.12"]
[Round "2"]
[White "Laurusas, Tomas"]
[Black "Pasti, Aron"]
[Result "1/2-1/2"]
[WhiteElo "2566"]
[BlackElo "2336"]
[PlyCount "62"]
[EventDate "2023.07.11"]
[EventType "swiss"]
[EventRounds "9"]
[EventCountry "SVK"]
[SourceTitle "EXT 2024"]
[Source "ChessBase"]
[SourceDate "2023.10.10"]
[SourceVersion "1"]
[SourceVersionDate "2023.10.10"]
[SourceQuality "1"]

1. d4 Nf6 2. c4 e6 3. Nc3 d5 4. cxd5 exd5 5. Bg5 Be7 6. e3 0-0 7. Bd3 c6 8. Qc2 Nbd7 9. Nge2 Re8 10. 0-0 Nf8 11. Rab1 a5 12. Rbe1 g6 13. f3 Ne6 14. Bh4 b5 15. Bf2 Bb7 16. Qd2 Qb8 17. Kh1 Rd8 18. Rc1 Ba6 19. Bg3 Qb6 20. Nf4 Nxf4 21. Bxf4 c5 22. dxc5 Bxc5 23. Ne2 Re8 24. Nd4 Bxd4 25. exd4 Qxd4 26. Rc6 Nd7 27. Rd1 Ne5 28. Rxa6 Nxd3 29. Rxa8 Nf2+ 30. Kg1 Nh3+ 31. Kh1 Nf2+ 1/2-1/2